Del suicidio ; De la mortalidad del alma /

Detalles Bibliográficos
Autor principal: Hume, David, 1711-1776 (Autor)
Otros Autores: Muñoz, Rafael (Traductor)
Formato: Electrónico eBook
Lenguaje:español
inglés
Publicado: Ciudad de México : Océano, [2017]
Edición:Primera edición en libro electrónico.
Materias:
Acceso en línea:Digitalia Hispánica

MARC

LEADER 00000nam a2200000Ii 4500
001 DIGOCEANO0018
003 NyNyDIG
006 m o d
007 cr |||||||||||
008 240404s2017 mx o 000 0 spa d
035 |a (OCoLC)1430189433 
040 |a DGITA  |b eng  |e rda  |e pn  |c DGITA 
020 |a 9786075273426  |q eBook 
041 1 |a spa  |h eng 
050 1 4 |a HV6544 ebook 
100 1 |a Hume, David,  |d 1711-1776,  |e author. 
245 1 0 |a Del suicidio ;  |b De la mortalidad del alma /  |c David Hume ; edición, traducción, introducción y notas de Rafael Muñoz. 
250 |a Primera edición en libro electrónico. 
264 1 |a Ciudad de México :  |b Océano,  |c [2017] 
300 |a 1 online resource. 
336 |a text  |b txt  |2 rdacontent 
337 |a computer  |b c  |2 rdamedia 
338 |a online resource  |b cr  |2 rdacarrier 
347 |a text file  |2 rdaft 
347 |b EPUB 
588 0 |a Online resource; title from ePub title page (Digitalia, viewed April 4, 2024) 
650 0 |a Suicide  |x Moral and ethical aspects  |x Early works to 1800. 
650 0 |a Immortality  |x Early works to 1800. 
700 1 |a Muñoz, Rafael,  |e translator. 
740 0 2 |a De la mortalidad del alma. 
791 2 |a Digitalia (Firm),  |e distributor. 
793 0 |g Digitalia eBook Collection:  |a Editorial Océano 
856 4 0 |3 Digitalia Hispánica  |u https://www.digitaliapublishing.com/a/85195/ 
910 |a Premium collection: 2024